<?xml version="1.0" encoding="UTF-8"?>
<record
    xmlns:xsi="http://www.w3.org/2001/XMLSchema-instance"
    xsi:schemaLocation="http://www.loc.gov/MARC21/slim http://www.loc.gov/standards/marcxml/schema/MARC21slim.xsd"
    xmlns="http://www.loc.gov/MARC21/slim">

  <leader>00919nam a22001577a 4500</leader>
  <controlfield tag="008">180427b        xxu||||| |||| 00| 0 eng d</controlfield>
  <datafield tag="020" ind1=" " ind2=" ">
    <subfield code="a">9786070302992</subfield>
  </datafield>
  <datafield tag="082" ind1=" " ind2=" ">
    <subfield code="a">370.981</subfield>
    <subfield code="b">F866e</subfield>
  </datafield>
  <datafield tag="100" ind1=" " ind2=" ">
    <subfield code="a">Freire, Paulo</subfield>
    <subfield code="9">6237</subfield>
  </datafield>
  <datafield tag="245" ind1=" " ind2=" ">
    <subfield code="a">La educaci&#xF3;n como pr&#xE1;ctica de la libertad</subfield>
  </datafield>
  <datafield tag="260" ind1=" " ind2=" ">
    <subfield code="a">M&#xE9;xico</subfield>
    <subfield code="b">Siglo Veintiuno Editores</subfield>
    <subfield code="c">2011</subfield>
  </datafield>
  <datafield tag="300" ind1=" " ind2=" ">
    <subfield code="a">150 p.</subfield>
    <subfield code="c">21 cm.</subfield>
  </datafield>
  <datafield tag="505" ind1=" " ind2=" ">
    <subfield code="t">Educaci&#xF3;n y concienciaci&#xF3;n</subfield>
    <subfield code="r">Julio Barreiro</subfield>
    <subfield code="t">Can&#xE7;&#xE3;o para os fonemas de alegria</subfield>
    <subfield code="r">Thiago de Mello</subfield>
    <subfield code="t">Agradecimiento</subfield>
    <subfield code="t">Aclaraci&#xF3;n</subfield>
    <subfield code="t">1. La sociedad brasile&#xF1;a en transici&#xF3;n</subfield>
    <subfield code="t">2. Sociedad cerrada e inexperiencia democr&#xE1;tica</subfield>
    <subfield code="t">3. Educaci&#xF3;n versus masificaci&#xF3;n</subfield>
    <subfield code="t">4. Educaci&#xF3;n y conciencia</subfield>
    <subfield code="t">5. Ejecuci&#xF3;n pr&#xE1;ctica</subfield>
    <subfield code="t">Ap&#xE9;ndice</subfield>
    <subfield code="t">Nota final</subfield>
  </datafield>
  <datafield tag="650" ind1=" " ind2=" ">
    <subfield code="2">Educaci&#xF3;n</subfield>
    <subfield code="x">Sociolog&#xED;a de la educaci&#xF3;n</subfield>
    <subfield code="x">Educaci&#xF3;n - aspectos sociales</subfield>
    <subfield code="x">Educaci&#xF3;n y libertad</subfield>
    <subfield code="z">Educaci&#xF3;n - Brasil</subfield>
    <subfield code="z">Brasil - condiciones sociales</subfield>
    <subfield code="9">6242</subfield>
  </datafield>
  <datafield tag="700" ind1=" " ind2=" ">
    <subfield code="a">Ronzoni, Lili&#xE9;n (Traductor)</subfield>
    <subfield code="9">6243</subfield>
  </datafield>
  <datafield tag="999" ind1=" " ind2=" ">
    <subfield code="c">1427</subfield>
    <subfield code="d">1427</subfield>
  </datafield>
  <datafield tag="952" ind1=" " ind2=" ">
    <subfield code="0">0</subfield>
    <subfield code="1">0</subfield>
    <subfield code="2">ddc</subfield>
    <subfield code="4">0</subfield>
    <subfield code="7">0</subfield>
    <subfield code="a">LV</subfield>
    <subfield code="b">LV</subfield>
    <subfield code="c">Pensamiento</subfield>
    <subfield code="d">2018-04-27</subfield>
    <subfield code="l">0</subfield>
    <subfield code="o">370.981 F866e</subfield>
    <subfield code="p">004581</subfield>
    <subfield code="r">2018-04-27 00:00:00</subfield>
    <subfield code="w">2018-04-27</subfield>
    <subfield code="y">01</subfield>
  </datafield>
</record>
